| 000 | 00336nam a22001337a 4500 | ||
|---|---|---|---|
| 008 | 170829b xxu||||| |||| 00| 0 eng d | ||
| 020 | _a9781617400254 | ||
| 041 | _aeng | ||
| 080 |
_24TH _a070 |
||
| 100 | _a39 | ||
| 101 | _aMED | ||
| 245 |
_aTHE ENGAGED CITIZEN A READER FOR COMPOSITION AND COMMUNICATION _cRUSSELL,D |
||
| 942 |
_2udc _cBK |
||
| 999 |
_c25282 _d25282 |
||